The world’s greatest quotations: An encyclopedia of equations (Record no. 526695)
[ view plain ]
| 000 -LEADER | |
|---|---|
| fixed length control field | 00310nam a22000977a 4500 |
| 082 ## - DEWEY DECIMAL CLASSIFICATION NUMBER | |
| Classification number | SNT A39053 Ed95 |
| 100 ## - MAIN ENTRY--PERSONAL NAME | |
| Personal name | Tryonedwards, D.D. |
| 9 (RLIN) | 46255 |
| 245 ## - TITLE STATEMENT | |
| Title | The world’s greatest quotations: An encyclopedia of equations |
| Remainder of title | By Tryonedwards, D.D. |
| 260 ## - PUBLICATION, DISTRIBUTION, ETC. (IMPRINT) | |
| Place of publication, distribution, etc | New Delhi |
| Name of publisher, distributor, etc | Crest Pub. House |
| Date of publication, distribution, etc | 2003 |
| 300 ## - PHYSICAL DESCRIPTION | |
| Extent | 734p |
| Withdrawn status | Lost status | Source of classification or shelving scheme | Damaged status | Koha normalized classification for sorting | Not for loan | Permanent location | Current location | Date acquired | Full call number | Barcode | Date last seen | Price effective from | Koha item type |
|---|---|---|---|---|---|---|---|---|---|---|---|---|---|
| SNT_A39053_ED95 | Indian Institute of Public Administration | Indian Institute of Public Administration | 2024-06-19 | SNT A39053 Ed95 | GR25166 | 2024-06-19 | 2024-06-19 | GR |
